Американская новелла XX века: [сборник]; Книга о нелепых людях; Сила Божья; Учительница; Смерть в лесу; Кому сдавать?; Как была брошена бабушка Вэзеролл; Опять Вавилон; Роза для Эмили; Когда наступает ночь; Индейский поселок; Убийцы; Какими вы не будете; Недолгое счастье Фрэнсиса Макомбера; Волшебный бочонок; Голубой период де Домье-Смита; Судный день
| Kolejni autorzy: | |
|---|---|
| Streszczenie: | Текст параллельно на английском и русском языках |
| Język: | angielski rosyjski |
| Wydane: |
Москва, Радуга, 1989
|
| TOC: | Книга о нелепых людях; Сила Божья; Учительница; Ш. Андерсон, Смерть в лесу; Р. Ларднер, Кому сдавать?; К. Э. Портер, Как была брошена бабушка Вэзеролл; Ф. С. Фицджеральд, Опять Вавилон; Роза для Эмили; У. Фолкнер, Когда наступает ночь; Индейский поселок; Убийцы; Какими вы не будете; Э. М. Хемингуэй, Недолгое счастье Фрэнсиса Макомбера; Б. Маламуд, Волшебный бочонок; Д. Д. Сэлинджер, Голубой период де Домье-Смита; Ф. О'Коннор, Судный день; |
| Hasła przedmiotowe: | |
| Format: | Książka |
| KOHA link: | https://koha.lib.tpu.ru/cgi-bin/koha/opac-detail.pl?biblionumber=158817 |
MARC
| LEADER | 00000nam0a2200000 4500 | ||
|---|---|---|---|
| 001 | 158817 | ||
| 005 | 20231101222049.0 | ||
| 010 | |a 5050024234 | ||
| 020 | |a RU |b 89-83248 | ||
| 035 | |a (RuTPU)RU\TPU\book\172242 | ||
| 035 | |a RU\TPU\book\124680 | ||
| 090 | |a 158817 | ||
| 100 | |a 20090428d1989 m y0rusy5003 ca | ||
| 101 | 0 | |a eng |a rus | |
| 102 | |a RU | ||
| 105 | |a y z 001ay | ||
| 200 | 1 | |a Американская новелла XX века |e [сборник] |f сост. Г. В. Лапина | |
| 210 | |a Москва |c Радуга |d 1989 | ||
| 215 | |a 590 с. | ||
| 300 | |a Текст параллельно на английском и русском языках | ||
| 320 | |a Комментарии: с. 547-590. | ||
| 464 | |t Книга о нелепых людях | ||
| 464 | |t Сила Божья | ||
| 464 | |t Учительница | ||
| 464 | |t Смерть в лесу |f Ш. Андерсон | ||
| 464 | |t Кому сдавать? |f Р. Ларднер | ||
| 464 | |t Как была брошена бабушка Вэзеролл |f К. Э. Портер | ||
| 464 | |t Опять Вавилон |f Ф. С. Фицджеральд | ||
| 464 | |t Роза для Эмили | ||
| 464 | |t Когда наступает ночь |f У. Фолкнер | ||
| 464 | |t Индейский поселок | ||
| 464 | |t Убийцы | ||
| 464 | |t Какими вы не будете | ||
| 464 | |t Недолгое счастье Фрэнсиса Макомбера |f Э. М. Хемингуэй | ||
| 464 | |t Волшебный бочонок |f Б. Маламуд | ||
| 464 | |t Голубой период де Домье-Смита |f Д. Д. Сэлинджер | ||
| 464 | |t Судный день |f Ф. О'Коннор |a Сэлинджер, Джером Дэвид | ||
| 606 | 1 | |a Американская литература (англо-язычная литература) |2 stltpush |3 (RuTPU)RU\TPU\subj\28887 |9 52349 | |
| 610 | 1 | |a художественная литература | |
| 610 | 1 | |a новеллы | |
| 610 | 1 | |a сборники | |
| 610 | 1 | |a 20 век | |
| 675 | |a 82 |v 3 | ||
| 702 | 1 | |a Лапина |b Г. В. |4 220 | |
| 801 | 0 | |a RU |b RuMRKP |c 19950417 |g psbo | |
| 801 | 1 | |a RU |b 63413507 |c 20070504 |g PSBO | |
| 801 | 2 | |a RU |b 63413507 |c 20221010 |g PSBO | |
| 942 | |c BK | ||